• 首页
  • 本馆介绍
  • 公告通知
  • 最新文献
  • 馆藏检索
  • 电子资源
  • 读者荐购
  • 参考咨询
  • CALIS
  • 我的图书馆
  • 登录
  • 详细信息显示
  • 放入我的书架
  • 预约/预借图书
  • 作者相关作品
  • 分类相关作品
  • 丛书相关作品
  • 出版社相关作品

书目信息

  • 表格格式
  • 工作单格式
  • 卡片格式
题名:
2020年全国监理工程师 (交通运输工程专业) 考试辅导用书
    
 
作者: 李治平 主编
分册:   《公路工程监理案例分析》复习与习题
出版信息: 北京   人民交通出版社股份有限公司  2020.08
页数: 321页
开本: 27cm
丛书名:
单 册:
中图分类: U491.1
科图分类:
主题词: 交通工程--jiao tong gong cheng--交通监理--资格考试--自学参考资料 , 道路工程--dao lu gong cheng--施工监理--案例--资格考试--自学参考资料
电子资源:
ISBN: 978-7-114-16760-7
 
 
 
 
 
000 01417nam 2200253 450
001 0100028576
005 20211025120159.0
010    @a978-7-114-16760-7@dCNY85.00
100    @a20200828d2020 em y0chiy50 ea
101 0  @achi
102    @aCN@b110000
105    @ay z 000yy
106    @ar
200 1  @a2020年全国监理工程师 (交通运输工程专业) 考试辅导用书@A2020 nian quan guo jian li gong cheng shi ( jiao tong yun shu gong cheng zhuan ye ) kao shi fu dao yong shu@i《公路工程监理案例分析》复习与习题@f李治平主编
210    @a北京@c人民交通出版社股份有限公司@d2020.08
215    @a321页@d27cm
330    @a本书为2020年全国监理工程师 (交通运输工程专业) 公路工程监理案例分析科目的考试辅导用书, 主要内容包括: 第一章公路工程监理案例分析考试大纲知识点, 内容涵盖全国监理工程师资格考试大纲公路工程监理案例分析专业科目的知识点 ; 第二章典型例题分析, 内容包括围绕大纲考点编写的65道例题及参考答案 ; 第三章总复习题, 内容包括60道具有针对性的复习题及其参考答案 ; 第四章预测模拟试卷, 包括3套练习模拟试卷及参考答案。
517 1  @a《公路工程监理案例分析》复习与习题@A《 gong lu gong cheng jian li an li fen xi 》 fu xi yu xi ti
606 0  @a交通工程@Ajiao tong gong cheng@x交通监理@x资格考试@j自学参考资料
606 0  @a道路工程@Adao lu gong cheng@x施工监理@x案例@x资格考试@j自学参考资料
690    @aU491.1@v5
701  0 @a李治平@Ali zhi ping@4主编
801  0 @aCN@c20210909
905    @a河南城建学院图书馆@dU491.1@eL334
    
    2020年全国监理工程师 (交通运输工程专业) 考试辅导用书.《公路工程监理案例分析》复习与习题/李治平主编.-北京:人民交通出版社股份有限公司,2020.08
    321页;27cm
    
    
    ISBN 978-7-114-16760-7:CNY85.00
    本书为2020年全国监理工程师 (交通运输工程专业) 公路工程监理案例分析科目的考试辅导用书, 主要内容包括: 第一章公路工程监理案例分析考试大纲知识点, 内容涵盖全国监理工程师资格考试大纲公路工程监理案例分析专业科目的知识点 ; 第二章典型例题分析, 内容包括围绕大纲考点编写的65道例题及参考答案 ; 第三章总复习题, 内容包括60道具有针对性的复习题及其参考答案 ; 第四章预测模拟试卷, 包括3套练习模拟试卷及参考答案。
●
相关链接 在E读中查询图书 在当当中查询图书 在豆瓣中查询图书


正题名:2020年全国监理工程师 (交通运输工程专业)     索取号:U491.1/L334         预约/预借

序号 登录号 条形码 馆藏地/架位号 状态 备注
1 1545610   215456101   自科库501/501自科库 58排2列3层/ [索取号:U491.1/L334] 在馆    
2 1545611   215456110   自科库501/501自科库 58排2列3层/ [索取号:U491.1/L334] 在馆    
河南城建学院图书馆 欢迎您!
大连网信软件有限公司© 版权所有